书目信息 |
| 题名: |
新时代休闲体育的发展探索与科学参与
|
|
| 作者: | 何祥海 著 | |
| 分册: | ||
| 出版信息: | 长春 吉林大学出版社 2021.1 |
|
| 页数: | 255页 | |
| 开本: | 25cm | |
| 丛书名: | ||
| 单 册: | ||
| 中图分类: | G811.4 | |
| 科图分类: | ||
| 主题词: | 休闲体育--研究 | |
| 电子资源: | ||
| ISBN: | 978-7-5692-6443-2 | |
| 000 | 00862nam0 2200229 45 | |
| 001 | 012001001252 | |
| 005 | 20130911083048.0 | |
| 010 | @a978-7-5692-6443-2@dCNY80.00 | |
| 100 | @a20200918d2020 em y0chiy0110 ea | |
| 101 | 0 | @achi |
| 102 | @aCN@b220000 | |
| 105 | @aa z 000yy | |
| 106 | @ar | |
| 200 | 1 | @a新时代休闲体育的发展探索与科学参与@Axin shi dai xiu xian ti yu de fa zhan tan suo yu ke xue can yu@f何祥海著 |
| 210 | @a长春@c吉林大学出版社@d2021.1 | |
| 215 | @a255页@c图@d25cm | |
| 330 | @a本书以休闲体育为研究对象,从概念、理论入手层层解析休闲体育各部分内容。全书共八章,内容包括:休闲体育概述、休闲体育多元价值论、社会发展新背景下的休闲体育发展、体育发展新愿景下的休闲体育发展等。 | |
| 606 | 0 | @a休闲体育@x研究 |
| 690 | @aG811.4@v5 | |
| 701 | 0 | @a何祥海@Ahe xiang hai@4著 |
| 801 | @aCN@b江苏凤凰@c20211018 | |
| 905 | @b1342781-4@dG811.4@e105@f4 | |
| 新时代休闲体育的发展探索与科学参与/何祥海著.-长春:吉林大学出版社,2021.1 |
| 255页:图;25cm |
| ISBN 978-7-5692-6443-2:CNY80.00 |
| 本书以休闲体育为研究对象,从概念、理论入手层层解析休闲体育各部分内容。全书共八章,内容包括:休闲体育概述、休闲体育多元价值论、社会发展新背景下的休闲体育发展、体育发展新愿景下的休闲体育发展等。 |
| ● |
| 相关链接 |
|
|
|
|
正题名:新时代休闲体育的发展探索与科学参与
索取号:G811.4/105
 
预约/预借
| 序号 | 登录号 | 条形码 | 馆藏地/架位号 | 状态 | 备注 |
| 1 | 1342781 | 213427816 | 第一样本阅览室/ [索取号:G811.4/105] | 在馆 | |
| 2 | 1342782 | 213427825 | 第四借阅区/ [索取号:G811.4/105] | 在馆 | |
| 3 | 1342783 | 213427834 | 第四借阅区/ [索取号:G811.4/105] | 在馆 | |
| 4 | 1342784 | 213427843 | 第四借阅区/ [索取号:G811.4/105] | 在馆 |